Crónicas de la Conquista: Primer tomo

保存先:
書誌詳細
第一著者: Díaz Meza, Aurelio (著者)
フォーマット: 図書
言語:スペイン語
出版事項: Santiago Sociedad Imprenta y Litografía Uniiverso 1930
版:3a. ed
シリーズ:Leyendas y Episodios chilenos, I
主題:
タグ: タグ追加
タグなし, このレコードへの初めてのタグを付けませんか!

MARC

LEADER 00000nam a2200000 a 4500
001 UCJ4002
003 CL-VaPUC
005 20250327093505.0
008 070124e19300000CL |||||||||||||||||spa|d
999 |c 320120  |d 320118 
040 |c Pontificia Universidad Católica de Valparaíso 
082 0 4 |a 983  |b DIA  |2 21 
100 0 |a Díaz Meza, Aurelio  |e author  |9 506773 
245 1 0 |a Crónicas de la Conquista: Primer tomo 
250 |a 3a. ed 
260 |a Santiago  |b Sociedad Imprenta y Litografía Uniiverso  |c 1930 
300 |a 310 p 
490 0 |a Leyendas y Episodios chilenos, I 
500 |a Prólogo de Don José Toribio Medina 
583 |a last modification  |c 20070124 00:00:00  |k Rodrigo Vera 
600 0 7 |a ALMAGRO, DIEGO DE  |2 CL-VaPUC  |9 268479 
600 0 7 |a VALDIVIA, PEDRO DE  |2 CL-VaPUC  |9 317024 
650 7 |a DESCUBRIMIENTO Y CONQUISTA  |2 CL-VaPUC  |9 268482 
650 7 |a DOCUMENTOS  |2 CL-VaPUC  |9 366450 
650 7 |a CRONICAS  |2 CL-VaPUC  |9 336724 
650 0 |a Guerra de Arauco  |9 267618 
650 0 |a Cultura  |9 269059 
650 7 |a HISTORIA NOVELADA  |2 CL-VaPUC  |9 506774 
942 |c BK  |2 ddc 
945 |d 20070124 00:00:00  |a rinostro 
952 |0 0  |1 0  |4 0  |6 983_000000000000000_DIA_1930  |7 0  |8 X  |9 398588  |a FDOBUD  |b FDOBUD  |d 2019-11-22  |i 1012037  |o 983 DIA 1930  |p 1012037  |r 2019-11-22  |w 2019-11-22  |y BK_X  |k BUD